Music Quiz

Random Music Quiz

Alexandra Burke Singles Quiz Stats

 Plays Quiz not verified by Sporcle

Challenge
Share
Tweet
Embed
Score 0/8 Timer 02:00
0 Plays Today
Year Single % Correct
2009Bad Boys
91.7%
2010Broken Heels
75%
2008Hallelujah
72.9%
2010All Night Long
58.3%
2010Start Without You
58.3%
2010The Silence
56.3%
2012Elephant
47.9%
2012Let It Go
39.6%

You're not logged in!

Compare scores with friends on all Sporcle quizzes.
Join for Free
OR
Log In

You Might Also Like...

Show Comments

Extras

Top Quizzes Today


Score Distribution

Your Account Isn't Verified!

In order to create a playlist on Sporcle, you need to verify the email address you used during registration. Go to your Sporcle Settings to finish the process.

Report this User

Report this user for behavior that violates our Community Guidelines.

Details: